LEADER 00608nam a2200169 i 4500 001 000000021872 003 CaOOAMICUS 005 20220201161453.0 008 180830n it u000 u ita u 040 $aSeMil$bita 245 13$aLa cattedra. 260 $aSiena :$bCantagalli,$c[19--?] 300 $av. ;$c18 cm. 774 0 $aBernardus : Claraevallensis $tLodi della Vergine Madre.$dSiena : Cantagalli, 1948.$kClassici cristiani$gN.$w()181078 996 $6245$aLa cattedra$9(OLS)http://semarc/title/28963 996 $6260$aSiena :$bCantagalli$9(OLS)http://semarc/publisher/29767 LEADER 01124nam a2200253 4500 001 000000335726 003 CaOOAMICUS 005 20190801145316.0 008 190801s2015 it 000 u ita r 020 $a978-88-575-3219-6 040 $aSeMil$bita 100 1 $aVillanova, Luigi.$0(OLS)http://semarc/name/110036 245 10$aRaimon Panikkar: dal divino al sacro :$bpassi di un percorso possibile /$cLuigi Villanova. 264 1$aMilano ;$aUdine :$bMimesis,$c2015. 300 $a212 p. ;$c21 cm 490 1 $aMimesis. Triquetra ;$v6 600 14$aPanikkar, Raimon .$0(OLS)http://semarc/subject/41246 830 0$aMimesis. Triquetra ;$v6.$0(OLS)http://semarc/title/425087 850 $aSeMil 852 $aSeMil$W1$xVenegono$y1$m2R V 318$j215062$B227607$CSeMilBibl$Z2$F227607 $81 996 $6020$a978-88-575-3219-6$9(OLS)http://semarc/number/288285 996 $6245$aRaimon Panikkar: dal divino al sacro :$bpassi di un percorso possibile$9(OLS)http://semarc/title/425088 996 $6264$aMilano ;$aUdine :$bMimesis$9(OLS)http://semarc/publisher/39598